00845naa#a2200169#i#4500001001600000005001700016011001400033100004100047102000700088200016100095210009500256215001000351608004500361675018900406700005200595856002800647RU\\bibl\11807520260429191908.3##a2949-0979##a20260330b2026####ek#y0rusy0150####ca##aRU1#aПроблема личности в социологии: вопросы методологии исследованияeЖурнальная статья1#aУфаcУфимский юридический институт МВД Россииd2026##a8 с.##aЖурнальная статья2local##aСоциокультурные аспекты рассмотрения личности (Социокультура личности). Социализация личности. 316.61#1aЯнбухтинgРаиль Маратович4#avestnik-uyi.editorum.ru